Normal view
MARC view
Entry Personal Name
001 - CONTROL NUMBER
- control field: 857439
003 - CONTROL NUMBER IDENTIFIER
- control field: OSt
005 - DATE AND TIME OF LATEST TRANSACTION
- control field: 20251217143237.0
008 - FIXED-LENGTH DATA ELEMENTS
- fixed length control field: 251217|| aca||aabn | a|a d
040 ## - CATALOGING SOURCE
- Original cataloging agency: OSt
- Transcribing agency: OSt
100 ## - HEADING--PERSONAL NAME
- Personal name: ठाकुर, खगेन्द्र, ले
670 ## - SOURCE DATA FOUND
- Source citation: Work cat.: (OSt)1019206: ठाकुर, खगेन्द्र, ले., ईश्वर से भेंटवार्ता, 2013.
